00586 2200157 4500245009300000020002200093250001000115100002400125005001900149260004100168041001400209084001200223500011800235490006600353336000900419 aENSIKLOPEDI KEMUJIZATAN ILMIAH DALAM AL-QURAN DAN SUNAH VOL.2cYUSUF AL-HAJJ AHMADhText a978-6-02-841500-2 aCet.1 aYUSUF AL-HAJJ AHMAD a20240826115509 aJakartabMAKTABAH IBNU HAJAR, SURIAH aIndonesia a297.114 aDaftar isi : kemukjizatan Ilmiah al-quran tentang manusia,janin dan perkembangan manusia, penentuan jenis kelamin aENSIKLOPEDI KEMUJIZATAN ILMIAH DALAM AL-QURAN DAN SUNAH VOL.2 atext